00512nam a2200133Ia 4500008004100000020001800041050001700059082001800076100003000094245010000124260002300224300001100247650012000258120626s9999 xx 000 0 und d a970-647-691-1 aPC4410 O7632 2461 063t 2002 aOROPEZA MARTINEZ, Roberto aTaller de Lectura y Redacción 2 . Por los senderos de la ciencia / Roberto Oropeza Martínez aMéxico : Esfinge a152 p. a1. ESPAÑOL - RETORICA 2. ESPAÑOL - COMPOSICION Y EJERCICIO 3. LECTURA (EDUCACION SUPERIOR) - LIBROS DE TEXTOÌ